000
00265nam a22001097a 4500
082
_a
330 MCC'B
100
_a
MCCONNELL, JOHN W
_9
60445
245
_a
BASIC TEACHING OF THE GREAT ECONOMISTS
260
_a
NEWYORK
_b
BARNES & NOBLE
_c
1956
300
_a
367P
942
_c
BK
999
_c
570160
_d
570160